Central Library OPAC University of Rajshahi

Poetry & contemplation : (Record no. 62302)

MARC details
000 -LEADER
fixed length control field 00733nam a2200241 a 4500
001 - CONTROL NUMBER
control field 62302
003 - CONTROL NUMBER IDENTIFIER
rucl marc code BD-RjUL
005 - DATE AND TIME OF LATEST TRANSACTION
control field 20211209081052.0
008 - FIXED-LENGTH DATA ELEMENTS--GENERAL INFORMATION
fixed length control field 170123s1937 enk 001 0 eng
035 ## - SYSTEM CONTROL NUMBER
System control number (BD-RjUL)62428
040 ## - CATALOGING SOURCE
Original cataloging agency DLC
Transcribing agency OTU
Modifying agency WU
-- BD-RjUL
Language of cataloging eng
041 ## - LANGUAGE CODE
Language code of text/sound track or separate title eng
082 ## - DEWEY DECIMAL CLASSIFICATION NUMBER
Classification number 808.1
Edition number 23
Author mark and year HAP 1937
100 1# - MAIN ENTRY--PERSONAL NAME
Personal name Hamilton, G. Rostrevor
Fuller form of name (George Rostrevor),
Dates associated with a name 1888-1967.
9 (RLIN) 185309
245 10 - TITLE STATEMENT
Title Poetry & contemplation :
Remainder of title a new preface to poetics /
Statement of responsibility, etc. by G. Rostrevor Hamilton.
260 ## - PUBLICATION, DISTRIBUTION, ETC. (IMPRINT)
Place of publication, distribution, etc. Cambridge [Eng.] :
Name of publisher, distributor, etc. The University press,
Date of publication, distribution, etc. 1937.
300 ## - PHYSICAL DESCRIPTION
Pagination xi, 160 p. ;
Size 21 cm.
500 ## - GENERAL NOTE
General note Include index
650 #0 - SUBJECT ADDED ENTRY--TOPICAL TERM
Topical term or geographic name as entry element Poetry.
9 (RLIN) 184187
Topical term or geographic name as entry element Aesthetics.
9 (RLIN) 176839
942 ## - ADDED ENTRY ELEMENTS (KOHA)
Source of classification or shelving scheme Dewey Decimal Classification
Koha item type Books
Holdings
Lost status Source of classification or shelving scheme Damaged status Not for loan Collection code Permanent Location Current Location Shelving location Date acquired Source of acquisition Cost, normal purchase price Total Checkouts Full call number Date last seen Copy number Koha item type
  Dewey Decimal Classification   Not For Loan Non-fiction Central Library, University of Rajshahi Central Library, University of Rajshahi Reading Room 18/03/1964 Zeitlinger 12.06   808.1 HAP 1937 23/01/2017 C-1 Books